| 000 | 00527nam a22001817a 4500 | ||
|---|---|---|---|
| 003 | OSt | ||
| 005 | 20130930104826.0 | ||
| 008 | 130529s1945 xxu||||| |||| 00| 0 eng d | ||
| 040 | _cCDMR | ||
| 100 | 1 |
_93557 _aSuñé Alvarez, Ricard |
|
| 245 | 1 | 0 |
_aBreu historial de "Un tros de Paper" _cRicard Suñé Alvarez |
| 260 |
_c1945 _a[s.n.] _b[L'autor] |
||
| 300 |
_a98 p. _bil. |
||
| 610 | 2 |
_93558 _aUn tros de paper (Revista) |
|
| 650 | 0 | 4 |
_93084 _aHumorisme gràfic _zCatalunya |
| 650 | 0 | 4 |
_92769 _aRevistes _zCatalunya |
| 942 |
_2udc _cMON |
||
| 999 |
_c6341 _d6341 |
||